<?xml version="1.0" encoding="UTF-8"?>
<record
    xmlns:xsi="http://www.w3.org/2001/XMLSchema-instance"
    xsi:schemaLocation="http://www.loc.gov/MARC21/slim http://www.loc.gov/standards/marcxml/schema/MARC21slim.xsd"
    xmlns="http://www.loc.gov/MARC21/slim">

  <leader>01051nam a2200193 i 4500</leader>
  <controlfield tag="001">128676</controlfield>
  <controlfield tag="003">ES-MaACL</controlfield>
  <controlfield tag="005">20230906193336.0</controlfield>
  <controlfield tag="007">t|</controlfield>
  <controlfield tag="008">070523s1921    fr           ||||1| fre d</controlfield>
  <datafield tag="100" ind1="1" ind2=" ">
    <subfield code="a">Tassy, Edme.</subfield>
    <subfield code="9">109376</subfield>
  </datafield>
  <datafield tag="245" ind1="1" ind2="4">
    <subfield code="a">Les ressources du travail intellectuel en France / </subfield>
    <subfield code="c">par Edme Tassy et Pierre L&#xE9;ris ; avec une pr&#xE9;face de M. le G&#xE9;n&#xE9;ral Sebert.</subfield>
  </datafield>
  <datafield tag="260" ind1=" " ind2=" ">
    <subfield code="a">Par&#xED;s : </subfield>
    <subfield code="b">Gauthier-Villars et Cie., </subfield>
    <subfield code="c">1921.</subfield>
  </datafield>
  <datafield tag="300" ind1=" " ind2=" ">
    <subfield code="a">XXI, 711 p. ; </subfield>
    <subfield code="c">23 cm.</subfield>
  </datafield>
  <datafield tag="505" ind1="8" ind2=" ">
    <subfield code="a">Contiene: Renseignements g&#xE9;n&#xE9;raux. - Soci&#xE9;t&#xE9;s savantes. - Associations professionnelles. - Encouragements et aides financiers. - Cr&#xE9;ations diverses pour le perfectionnement des &#xE9;tudes et pour l'expansion intellectuelle. - Services et &#xE9;tablissements scientifiques sp&#xE9;ciaux. - P&#xE9;riodiques sp&#xE9;ciaux. - Biblioth&#xE8;ques et d&#xE9;p&#xF4;ts d'archives. - Biblioth&#xE8;ques circulantes, d'&#xE9;change, de pr&#xEA;t. - Indications bibliographiques</subfield>
  </datafield>
  <datafield tag="651" ind1=" " ind2="4">
    <subfield code="a">Francia-</subfield>
    <subfield code="x">Vida intelectual.</subfield>
    <subfield code="9">157372</subfield>
  </datafield>
  <datafield tag="700" ind1="1" ind2=" ">
    <subfield code="a">L&#xE9;ris, Pierre.</subfield>
    <subfield code="9">71774</subfield>
  </datafield>
  <datafield tag="852" ind1=" " ind2=" ">
    <subfield code="a">ES-MaACL</subfield>
    <subfield code="j">E-13082</subfield>
  </datafield>
  <datafield tag="999" ind1=" " ind2=" ">
    <subfield code="c">128676</subfield>
    <subfield code="d">128676</subfield>
  </datafield>
  <datafield tag="952" ind1=" " ind2=" ">
    <subfield code="0">0</subfield>
    <subfield code="1">0</subfield>
    <subfield code="4">0</subfield>
    <subfield code="7">0</subfield>
    <subfield code="a">ATENEOM</subfield>
    <subfield code="b">ATENEOM</subfield>
    <subfield code="c">DEPO2</subfield>
    <subfield code="d">2008-01-17</subfield>
    <subfield code="e">SC</subfield>
    <subfield code="l">0</subfield>
    <subfield code="o">E-13082</subfield>
    <subfield code="p">1134008</subfield>
    <subfield code="r">2023-02-23 00:00:00</subfield>
    <subfield code="w">2023-02-23</subfield>
    <subfield code="y">MONOGRAFIA</subfield>
  </datafield>
</record>
